[Event "Stay Safe Play From Home 319"]
[Site "Emanuel Lasker Arena"]
[Date "2020.07.21"]
[Round "5"]
[White "Oznog"]
[Black "Cirovicz"]
[Result "0-1"]
[WhiteElo "1778"]
[BlackElo "1966"]
[PlyCount "80"]
[EventDate "2020.07.21"]
[EventType "swiss (blitz)"]

1. e4 {[%emt 0:00:04]} e5 {[%emt 0:00:02]} 2. Nf3 {[%emt 0:00:00]} d6 {[%emt 0:00:01]} 3. d4 {[%emt 0:00:00]} exd4 {[%emt 0:00:01]} 4. Nxd4 {[%emt 0:00:00]} Nc6 {[%emt 0:00:01]} 5. Bc4 {[%emt 0:00:01]} Nxd4 {[%emt 0:00:01]} 6. Qxd4 {[%emt 0:00:00]} Qf6 {[%emt 0:00:01]} 7. Be3 {[%emt 0:00:05]} Qxd4 {[%emt 0:00:03]} 8. Bxd4 {[%emt 0:00:00]} Nf6 {[%emt 0:00:01]} 9. Nc3 {[%emt 0:00:01]} Be6 {[%emt 0:00:02]} 10. Bd3 {[%emt 0:00:04]} c5 {[%emt 0:00:01]} 11. Bxf6 {[%emt 0:00:02]} gxf6 {[%emt 0:00:01]} 12. O-O {[%emt 0:00:00]} O-O-O {[%emt 0:00:01]} 13. f4 {[%emt 0:00:01]} a6 {[%emt 0:00:01]} 14. f5 {[%emt 0:00:01]} Bd7 {[%emt 0:00:01]} 15. Nd5 {[%emt 0:00:00]} Bg7 {[%emt 0:00:03]} 16. Rad1 {[%emt 0:00:03]} Bc6 {[%emt 0:00:01]} 17. Ne7+ {[%emt 0:00:02]} Kd7 {[%emt 0:00:02]} 18. Nxc6 {[%emt 0:00:03]} Kxc6 {[%emt 0:00:01]} 19. Bc4 {[%emt 0:00:01]} Rhf8 {[%emt 0:00:02]} 20. Rd3 {[%emt 0:00:02]} b5 {[%emt 0:00:00]} 21. Bd5+ {[%emt 0:00:01]} Kb6 {[%emt 0:00:01]} 22. Rg3 {[%emt 0:00:02]} Bh6 {[%emt 0:00:03]} 23. Rh3 {[%emt 0:00:03]} Bg5 {[%emt 0:00:02]} 24. Rxh7 {[%emt 0:00:02]} Rh8 {[%emt 0:00:01]} 25. Rxf7 {[%emt 0:00:01]} Be3+ {[%emt 0:00:01]} 26. Kh1 {[%emt 0:00:02]} Bd4 {[%emt 0:00:01]} 27. c3 {[%emt 0:00:01]} Be5 {[%emt 0:00:01]} 28. a3 {[%emt 0:00:01]} a5 {[%emt 0:00:01]} 29. b4 {[%emt 0:00:02]} Rxh2+ {[%emt 0:00:02]} 30. Kg1 {[%emt 0:00:02]} Rdh8 {[%emt 0:00:02]} 31. bxa5+ {[%emt 0:00:04]} Kxa5 {[%emt 0:00:02]} 32. Kf2 {[%emt 0:00:01]} Bxc3 {[%emt 0:00:02]} 33. a4 {[%emt 0:00:01]} Bd4+ {[%emt 0:00:01]} 34. Kf3 {[%emt 0:00:01]} Kxa4 {[%emt 0:00:01]} 35. Ra7+ {[%emt 0:00:02]} Kb4 {[%emt 0:00:01]} 36. Rb1+ {[%emt 0:00:00]} Kc3 {[%emt 0:00:01]} 37. Rxb5 {[%emt 0:00:01]} Rh1 {[%emt 0:00:03]} 38. Rb3+ {[%emt 0:00:00]} Kc2 {[%emt 0:00:01]} 39. Ra2+ {[%emt 0:00:00]} Kc1 {[%emt 0:00:01]} 40. Rba3 {[%emt 0:00:01]} Rf1+ {[%emt 0:00:01] Time (Lag: Av=0.78s, max=0.9s)} 0-1

[Event "Stay Safe Play From Home 319"]
[Site "Emanuel Lasker Arena"]
[Date "2020.07.21"]
[Round "5"]
[White "Haris kollari 13"]
[Black "Meini"]
[Result "1-0"]
[WhiteElo "1714"]
[BlackElo "1575"]
[Annotator "NA"]
[PlyCount "99"]
[EventDate "2020.07.21"]
[EventType "swiss (blitz)"]

1. e4 {[%emt 0:00:01]} c6 {[%emt 0:00:02]} 2. f4 {[%emt 0:00:01]} d5 {[%emt 0:00:00]} 3. e5 {[%emt 0:00:00]} Bf5 {[%emt 0:00:02]} 4. d4 {[%emt 0:00:01]} e6 {[%emt 0:00:00]} 5. Bd3 {[%emt 0:00:01]} Bxd3 {[%emt 0:00:02]} 6. Qxd3 {[%emt 0:00:00]} c5 {[%emt 0:00:01]} 7. c3 {[%emt 0:00:00]} Nc6 {[%emt 0:00:01]} 8. Nf3 {[%emt 0:00:01]} Qb6 {[%emt 0:00:01]} 9. O-O {[%emt 0:00:02]} cxd4 {[%emt 0:00:01]} 10. cxd4 {[%emt 0:00:01]} Nge7 {[%emt 0:00:02]} 11. g4 {[%emt 0:00:02]} O-O-O {[%emt 0:00:03]} 12. Kg2 {[%emt 0:00:01]} h5 {[%emt 0:00:02]} 13. h3 {[%emt 0:00:02]} hxg4 {[%emt 0:00:01]} 14. hxg4 {[%emt 0:00:01]} f6 {[%emt 0:00:00]} 15. Rf2 {[%emt 0:00:04]} fxe5 {[%emt 0:00:04]} 16. fxe5 {[%emt 0:00:01]} Ng6 {[%emt 0:00:02]} 17. Be3 {[%emt 0:00:02]} Nh4+ {[%emt 0:00:03]} 18. Nxh4 {[%emt 0:00:01]} Rxh4 {[%emt 0:00:01]} 19. Kg3 {[%emt 0:00:02]} Be7 {[%emt 0:00:00]} 20. g5 {[%emt 0:00:02]} Rdh8 {[%emt 0:00:02]} 21. Nc3 {[%emt 0:00:02]} Rh3+ {[%emt 0:00:01]} 22. Kg2 {[%emt 0:00:01]} Nxd4 {[%emt 0:00:05]} 23. Qxd4 {[%emt 0:00:03]} Qxd4 {[%emt 0:00:02]} 24. Bxd4 {[%emt 0:00:01]} Rh2+ {[%emt 0:00:03]} 25. Kf3 {[%emt 0:00:01]} R8h3+ {[%emt 0:00:01]} 26. Ke2 {[%emt 0:00:01]} Rxf2+ {[%emt 0:00:02]} 27. Kxf2 {[%emt 0:00:01]} Rh2+ {[%emt 0:00:00]} 28. Ke3 {[%emt 0:00:01]} Rxb2 {[%emt 0:00:00]} 29. Rc1 {[%emt 0:00:01]} Bxg5+ {[%emt 0:00:02]} 30. Kd3 {[%emt 0:00:02]} Bxc1 {[%emt 0:00:00]} 31. Nxd5 {[%emt 0:00:01]} exd5 {[%emt 0:00:02]} 32. Bxb2 {[%emt 0:00:01]} Bxb2 {[%emt 0:00:00]} 33. e6 {[%emt 0:00:00]} Kd8 {[%emt 0:00:01]} 34. Kc2 {[%emt 0:00:01]} Ke7 {[%emt 0:00:00]} 35. Kxb2 {[%emt 0:00:01]} Kxe6 {[%emt 0:00:00]} 36. Kc3 {[%emt 0:00:00]} g5 {[%emt 0:00:01]} 37. Kd3 {[%emt 0:00:00]} Ke5 {[%emt 0:00:01]} 38. Ke3 {[%emt 0:00:00]} d4+ {[%emt 0:00:00]} 39. Kf3 {[%emt 0:00:01]} Kd5 {[%emt 0:00:01]} 40. a4 {[%emt 0:00:01]} Kc4 {[%emt 0:00:01]} 41. Ke4 {[%emt 0:00:01]} d3 {[%emt 0:00:00]} 42. Ke3 {[%emt 0:00:01]} Kc3 {[%emt 0:00:00]} 43. Ke4 {[%emt 0:00:01]} Kc2 {[%emt 0:00:00]} 44. a5 {[%emt 0:00:02]} d2 {[%emt 0:00:00]} 45. Kf5 {[%emt 0:00:01]} d1=Q {[%emt 0:00:00]} 46. Kxg5 {[%emt 0:00:00]} Qf1 {[%emt 0:00:01]} 47. Kg6 {[%emt 0:00:01]} Kd3 {[%emt 0:00:01]} 48. a6 {[%emt 0:00:00]} Ke4 {[%emt 0:00:00]} 49. axb7 {[%emt 0:00:01]} Qb5 {[%emt 0:00:05]} 50. Kf6 {[%emt 0:00:02] Zeit (Lag: Av=0.43s, max=0.8s)} 1-0

[Event "Stay Safe Play From Home 319"]
[Site "Emanuel Lasker Arena"]
[Date "2020.07.21"]
[Round "5"]
[White "Trotsky"]
[Black "Mandy"]
[Result "1-0"]
[WhiteElo "1639"]
[BlackElo "885"]
[Annotator "NA"]
[PlyCount "35"]
[EventDate "2020.07.21"]
[EventType "swiss (blitz)"]

1. d4 {[%emt 0:00:01]} d5 {[%emt 0:00:03]} 2. e3 {[%emt 0:00:00]} c6 {[%emt 0:00:01]} 3. c4 {[%emt 0:00:01]} Bf5 {[%emt 0:00:03]} 4. Nc3 {[%emt 0:00:01]} Nf6 {[%emt 0:00:01]} 5. c5 {[%emt 0:00:01]} e6 {[%emt 0:00:01]} 6. Bd3 {[%emt 0:00:01]} Bg6 {[%emt 0:00:08]} 7. Qd2 {[%emt 0:00:01]} Be7 {[%emt 0:00:03]} 8. Qc2 {[%emt 0:00:01]} Qc7 {[%emt 0:00:03]} 9. h4 {[%emt 0:00:01]} O-O {[%emt 0:00:05]} 10. Nh3 {[%emt 0:00:01]} b6 {[%emt 0:00:01]} 11. Bd2 {[%emt 0:00:02]} a6 {[%emt 0:00:05]} 12. h5 {[%emt 0:00:01]} Nxh5 {[%emt 0:00:10]} 13. g4 {[%emt 0:00:04]} Nf6 {[%emt 0:00:04]} 14. O-O-O {[%emt 0:00:02]} b5 {[%emt 0:00:03]} 15. f4 {[%emt 0:00:01]} Ne4 {[%emt 0:00:04]} 16. Nxe4 {[%emt 0:00:03]} dxe4 {[%emt 0:00:02]} 17. Bxe4 {[%emt 0:00:01]} Bxe4 {[%emt 0:00:02]} 18. Qxe4 {[%emt 0:00:01] Zeit (Lag: Av=0.40s, max=0.6s)} 1-0

[Event "Stay Safe Play From Home 319"]
[Site "Emanuel Lasker Arena"]
[Date "2020.07.21"]
[Round "6"]
[White "Lamborghini"]
[Black "NTBT_DHS"]
[Result "0-1"]
[WhiteElo "2236"]
[BlackElo "2525"]
[Annotator "TA"]
[PlyCount "84"]
[EventDate "2020.07.21"]
[EventType "swiss (blitz)"]

{[%evp 9,83,0,1,-33,-22,-45,5,10,0,-34,11,27,27,17,47,0,4,-44,3,-68,-22,-43,-14,-27,-4,-16,0,-91,-32,-79,-69,-96,-96,-137,-140,-259,-252,-252,-254,-256,-261,-274,-275,-355,-354,-342,-339,-352,-260,-354,-346,-535,-407,-406,-408,-885,-868,-6287,-6194,-4890,-4898,-2405,-2184,-1410,-2339,-5223,-919,-29992,-29993,-29995,-29992,-29995,-29995,-29998,-29999,-29999]} 1. e3 g6 2. d4 Bg7 3. Nc3 d6 4. f4 Nf6 5. Nf3 O-O {[#]} 6. g3 $146 {A40: Unusual replies to 1 d4.} ({Predecessor:} 6. Bd3 Nc6 7. O-O Re8 8. b3 e5 9. Bc4 Bg4 10. h3 Bxf3 11. Rxf3 e4 12. Rf2 {0-1 (26) Datelova,D (1493)-Subjakova,K (1600) Ruzomberok 2018}) 6... c5 7. Bg2 Nc6 8. d5 {The position is equal.} Na5 9. e4 a6 (9... b5 $5) 10. O-O b5 11. e5 Nd7 {[%cal Rd6e5]} 12. Re1 Nb6 13. Ng5 h6 14. Nge4 ({White should play} 14. Nf3 $1 $11) 14... Bf5 (14... b4 $5 {[%cal Rb4c3]} 15. Ne2 Bb7 $15) 15. g4 Bxe4 16. Bxe4 dxe5 17. f5 $1 g5 $36 {[%mdl 2048] Black has some pressure.} 18. Be3 (18. f6 $11 Bxf6 19. Qf3) 18... Rc8 (18... b4 $17 19. Nb1 Nac4 20. Bxc5 Na4) 19. b3 Nb7 {White is now going downhill.} 20. a4 Nd6 {Strongly threatening ...b4.} 21. axb5 axb5 {[%cal Ba6b5,Bb5b4][%mdl 32] Hoping for ...b4.} 22. Ra6 (22. Qf3 $17 {might work better.}) 22... b4 $19 23. Rxb6 Qxb6 24. Na4 Qb5 25. Bg2 c4 26. h4 cxb3 27. cxb3 gxh4 28. Qd2 {[#]} h3 $1 29. Bxh3 Ne4 30. Qg2 (30. Qb2 {was called for.}) 30... Ng5 31. Bxg5 hxg5 32. Qg3 (32. Qd2 $142) 32... e4 33. Bg2 Bd4+ 34. Kh2 Kg7 {( -> ...Rh8+)} 35. Bxe4 Rh8+ 36. Kg2 {[#]} f6 (36... Rc1 $142 $1 {[%mdl 512]} 37. Nb2 (37. Rxc1 Qe2+) 37... Bxb2) 37. d6 {[#]} Be5 (37... Rc1 $142 $1 {[%mdl 512]} 38. Nb2 {[#]} (38. Rxc1 Qe2+) 38... Be5 $1 {[%mdl 512]}) 38. Bd3 Qd5+ {[%mdl 64] Double Attack. Black mates.} 39. Be4 Rc2+ 40. Qf2 Rh2+ 41. Kf3 Rhxf2+ 42. Ke3 Qd4# {Accuracy: White = 35%, Black = 66%.} 0-1

[Event "Stay Safe Play From Home 319"]
[Site "Emanuel Lasker Arena"]
[Date "2020.07.21"]
[Round "6"]
[White "SoulofWolf"]
[Black "AChessPlayer"]
[Result "1-0"]
[WhiteElo "2163"]
[BlackElo "2428"]
[PlyCount "67"]
[EventDate "2020.07.21"]
[EventType "swiss (blitz)"]

1. d4 {[%emt 0:00:00]} d5 {[%emt 0:00:01]} 2. c4 {[%emt 0:00:00]} c6 {[%emt 0:00:00]} 3. Nf3 {[%emt 0:00:00]} Nf6 {[%emt 0:00:01]} 4. cxd5 {[%emt 0:00:01]} cxd5 {[%emt 0:00:00]} 5. Nc3 {[%emt 0:00:00]} Nc6 {[%emt 0:00:00]} 6. Bg5 {[%emt 0:00:00]} a6 {[%emt 0:00:00]} 7. e3 {[%emt 0:00:00]} Bg4 {[%emt 0:00:02]} 8. Bd3 {[%emt 0:00:01]} e6 {[%emt 0:00:01]} 9. O-O {[%emt 0:00:01]} h6 {[%emt 0:00:01]} 10. Bh4 {[%emt 0:00:01]} g5 {[%emt 0:00:01]} 11. Bg3 {[%emt 0:00:01]} Bd6 {[%emt 0:00:00]} 12. Bxd6 {[%emt 0:00:01]} Qxd6 {[%emt 0:00:00]} 13. h3 {[%emt 0:00:00]} Bh5 {[%emt 0:00:02]} 14. Be2 {[%emt 0:00:00]} Bxf3 {[%emt 0:00:01]} 15. Bxf3 {[%emt 0:00:01]} Kf8 {[%emt 0:00:00]} 16. a3 {[%emt 0:00:00]} Kg7 {[%emt 0:00:00]} 17. Rc1 {[%emt 0:00:00]} h5 {[%emt 0:00:01]} 18. Qd3 {[%emt 0:00:01]} g4 {[%emt 0:00:02]} 19. hxg4 {[%emt 0:00:00]} hxg4 {[%emt 0:00:00]} 20. g3 {[%emt 0:00:02]} gxf3 {[%emt 0:00:01]} 21. e4 {[%emt 0:00:01]} dxe4 {[%emt 0:00:03]} 22. Nxe4 {[%emt 0:00:00]} Nxe4 {[%emt 0:00:01]} 23. Qxe4 {[%emt 0:00:00]} Qxd4 {[%emt 0:00:02]} 24. Qxf3 {[%emt 0:00:01]} Ne5 {[%emt 0:00:04]} 25. Qg2 {[%emt 0:00:04]} Qg4 {[%emt 0:00:02]} 26. f4 {[%emt 0:00:05]} Ng6 {[%emt 0:00:04]} 27. Rc5 {[%emt 0:00:03]} Rac8 {[%emt 0:00:03]} 28. Rg5 {[%emt 0:00:01]} Qxg5 {[%emt 0:00:11]} 29. fxg5 {[%emt 0:00:00]} Rc6 {[%emt 0:00:00]} 30. Qf3 {[%emt 0:00:04]} Rc7 {[%emt 0:00:00]} 31. Qf6+ {[%emt 0:00:01]} Kg8 {[%emt 0:00:02]} 32. Rd1 {[%emt 0:00:02]} Re7 {[%emt 0:00:01]} 33. Rd8+ {[%emt 0:00:01]} Kh7 {[%emt 0:00:02]} 34. Rxh8+ {[%emt 0:00:03] AChessPlayer resigns (Lag: Av=0.49s, max=0.7s)} 1-0

[Event "Stay Safe Play From Home 319"]
[Site "Emanuel Lasker Arena"]
[Date "2020.07.21"]
[Round "6"]
[White "TheCHESSHOUSE"]
[Black "Lazieri3"]
[Result "1-0"]
[WhiteElo "2136"]
[BlackElo "2156"]
[PlyCount "133"]
[EventDate "2020.07.21"]
[EventType "swiss (blitz)"]

1. d4 {[%emt 0:00:00]} c6 {[%emt 0:00:00]} 2. c4 {[%emt 0:00:01]} d5 {[%emt 0:00:00]} 3. cxd5 {[%emt 0:00:00]} cxd5 {[%emt 0:00:01]} 4. Nc3 {[%emt 0:00:00]} Nc6 {[%emt 0:00:01]} 5. Bf4 {[%emt 0:00:00]} Nf6 {[%emt 0:00:00]} 6. Nf3 {[%emt 0:00:01]} Bf5 {[%emt 0:00:01]} 7. Rc1 {[%emt 0:00:01]} e6 {[%emt 0:00:01]} 8. a3 {[%emt 0:00:01]} Bd6 {[%emt 0:00:00]} 9. Bxd6 {[%emt 0:00:01]} Qxd6 {[%emt 0:00:00]} 10. e3 {[%emt 0:00:00]} O-O {[%emt 0:00:01]} 11. Be2 {[%emt 0:00:00]} h6 {[%emt 0:00:01]} 12. O-O {[%emt 0:00:01]} Rfc8 {[%emt 0:00:02]} 13. Na4 {[%emt 0:00:01]} b6 {[%emt 0:00:02]} 14. h3 {[%emt 0:00:01]} Ne4 {[%emt 0:00:03]} 15. b4 {[%emt 0:00:01]} Ne7 {[%emt 0:00:03]} 16. Ba6 {[%emt 0:00:02]} Rxc1 {[%emt 0:00:02]} 17. Qxc1 {[%emt 0:00:00]} Ng6 {[%emt 0:00:02]} 18. Qb2 {[%emt 0:00:04]} Ne7 {[%emt 0:00:04]} 19. Rc1 {[%emt 0:00:01]} Ng5 {[%emt 0:00:04]} 20. Ne5 {[%emt 0:00:01]} Ng6 {[%emt 0:00:04]} 21. Nxg6 {[%emt 0:00:04]} Bxg6 {[%emt 0:00:00]} 22. Bb7 {[%emt 0:00:01]} Rf8 {[%emt 0:00:03]} 23. Rc6 {[%emt 0:00:01]} Qe7 {[%emt 0:00:02]} 24. Ba6 {[%emt 0:00:02]} Ne4 {[%emt 0:00:02]} 25. Bf1 {[%emt 0:00:02]} f5 {[%emt 0:00:01]} 26. Nc3 {[%emt 0:00:01]} f4 {[%emt 0:00:01]} 27. Nxe4 {[%emt 0:00:02]} Bxe4 {[%emt 0:00:00]} 28. exf4 {[%emt 0:00:01]} Rxf4 {[%emt 0:00:02]} 29. Qc1 {[%emt 0:00:00]} Qf6 {[%emt 0:00:01]} 30. Rc8+ {[%emt 0:00:01]} Kh7 {[%emt 0:00:01]} 31. Qd2 {[%emt 0:00:02]} Qg5 {[%emt 0:00:03]} 32. Rc3 {[%emt 0:00:01]} Qf6 {[%emt 0:00:03]} 33. Rg3 {[%emt 0:00:01]} e5 {[%emt 0:00:02]} 34. dxe5 {[%emt 0:00:01]} Qxe5 {[%emt 0:00:00]} 35. Qe3 {[%emt 0:00:01]} d4 {[%emt 0:00:02]} 36. Qd2 {[%emt 0:00:01]} d3 {[%emt 0:00:02]} 37. Bxd3 {[%emt 0:00:01]} Bxd3 {[%emt 0:00:00]} 38. Qxd3+ {[%emt 0:00:00]} Qe4 {[%emt 0:00:01]} 39. Qxe4+ {[%emt 0:00:01]} Rxe4 {[%emt 0:00:00]} 40. Re3 {[%emt 0:00:00]} Rc4 {[%emt 0:00:01]} 41. Kh2 {[%emt 0:00:01]} a5 {[%emt 0:00:00]} 42. bxa5 {[%emt 0:00:01]} bxa5 {[%emt 0:00:00]} 43. Re5 {[%emt 0:00:00]} Ra4 {[%emt 0:00:00]} 44. Re3 {[%emt 0:00:01]} h5 {[%emt 0:00:00]} 45. f3 {[%emt 0:00:01]} g6 {[%emt 0:00:00]} 46. Kg3 {[%emt 0:00:01]} Kh6 {[%emt 0:00:00]} 47. h4 {[%emt 0:00:00]} Rc4 {[%emt 0:00:01]} 48. Rb3 {[%emt 0:00:01]} Ra4 {[%emt 0:00:01]} 49. Rc3 {[%emt 0:00:01]} Rd4 {[%emt 0:00:01]} 50. Kh3 {[%emt 0:00:00]} Ra4 {[%emt 0:00:00]} 51. g3 {[%emt 0:00:01]} Rd4 {[%emt 0:00:00]} 52. g4 {[%emt 0:00:00]} Ra4 {[%emt 0:00:00]} 53. g5+ {[%emt 0:00:01]} Kg7 {[%emt 0:00:00]} 54. Kg3 {[%emt 0:00:00]} Kf8 {[%emt 0:00:00]} 55. Re3 {[%emt 0:00:01]} Rxa3 {[%emt 0:00:00]} 56. Rxa3 {[%emt 0:00:01]} Ke7 {[%emt 0:00:00]} 57. Rxa5 {[%emt 0:00:00]} Ke6 {[%emt 0:00:00]} 58. Ra6+ {[%emt 0:00:00]} Kf7 {[%emt 0:00:00]} 59. Rf6+ {[%emt 0:00:00]} Kg7 {[%emt 0:00:00]} 60. Kf4 {[%emt 0:00:00]} Kh7 {[%emt 0:00:00]} 61. Ke5 {[%emt 0:00:00]} Kg7 {[%emt 0:00:00]} 62. Ke6 {[%emt 0:00:00]} Kh7 {[%emt 0:00:00]} 63. f4 {[%emt 0:00:00]} Kg8 {[%emt 0:00:00]} 64. f5 {[%emt 0:00:00]} Kh7 {[%emt 0:00:00]} 65. fxg6+ {[%emt 0:00:00]} Kg7 {[%emt 0:00:00]} 66. Rf7+ {[%emt 0:00:01]} Kg8 {[%emt 0:00:00]} 67. Rh7 {[%emt 0:00:00] Time (Lag: Av=0.80s, max=1.3s)} 1-0

[Event "Stay Safe Play From Home 319"]
[Site "Emanuel Lasker Arena"]
[Date "2020.07.21"]
[Round "6"]
[White "Fischer_11"]
[Black "Sfantul321"]
[Result "1-0"]
[WhiteElo "2011"]
[BlackElo "1990"]
[Annotator "NA"]
[PlyCount "55"]
[EventDate "2020.07.21"]
[EventType "swiss (blitz)"]

1. e4 {[%emt 0:00:02]} g6 {[%emt 0:00:00]} 2. d4 {[%emt 0:00:01]} Bg7 {[%emt 0:00:00]} 3. Nc3 {[%emt 0:00:00]} d6 {[%emt 0:00:01]} 4. Bg5 {[%emt 0:00:00]} Nf6 {[%emt 0:00:01]} 5. Qd2 {[%emt 0:00:01]} h6 {[%emt 0:00:01]} 6. Bh4 {[%emt 0:00:00]} g5 {[%emt 0:00:01]} 7. Bg3 {[%emt 0:00:00]} Nc6 {[%emt 0:00:01]} 8. O-O-O {[%emt 0:00:00]} e5 {[%emt 0:00:01]} 9. d5 {[%emt 0:00:01]} Ne7 {[%emt 0:00:01]} 10. h4 {[%emt 0:00:03]} g4 {[%emt 0:00:01]} 11. f3 {[%emt 0:00:01]} h5 {[%emt 0:00:01]} 12. f4 {[%emt 0:00:01]} exf4 {[%emt 0:00:02]} 13. Bxf4 {[%emt 0:00:00]} a6 {[%emt 0:00:02]} 14. g3 {[%emt 0:00:01]} b5 {[%emt 0:00:01]} 15. Bg2 {[%emt 0:00:03]} b4 {[%emt 0:00:01]} 16. Nce2 {[%emt 0:00:02]} a5 {[%emt 0:00:00]} 17. e5 {[%emt 0:00:03]} dxe5 {[%emt 0:00:02]} 18. Bxe5 {[%emt 0:00:00]} Ng6 {[%emt 0:00:01]} 19. Bf4 {[%emt 0:00:03]} Bb7 {[%emt 0:00:06]} 20. Qe3+ {[%emt 0:00:06]} Qe7 {[%emt 0:00:01]} 21. Qxe7+ {[%emt 0:00:01]} Nxe7 {[%emt 0:00:01]} 22. Bxc7 {[%emt 0:00:01]} Rc8 {[%emt 0:00:02]} 23. Be5 {[%emt 0:00:05]} Kf8 {[%emt 0:00:04]} 24. Nf4 {[%emt 0:00:01]} Rd8 {[%emt 0:00:05]} 25. Nge2 {[%emt 0:00:02]} Nexd5 {[%emt 0:00:01]} 26. Nxd5 {[%emt 0:00:01]} Bxd5 {[%emt 0:00:03]} 27. Bxf6 {[%emt 0:00:02]} Bxg2 {[%emt 0:00:02]} 28. Rxd8# {[%emt 0:00:02] (Lag: Av=0.30s, max=0.8s)} 1-0

[Event "Stay Safe Play From Home 319"]
[Site "Emanuel Lasker Arena"]
[Date "2020.07.21"]
[Round "6"]
[White "Cirovicz"]
[Black "Bardellosport"]
[Result "0-1"]
[WhiteElo "1974"]
[BlackElo "1984"]
[PlyCount "94"]
[EventDate "2020.07.21"]
[EventType "swiss (blitz)"]

1. e4 {[%emt 0:00:01]} d5 {[%emt 0:00:01]} 2. exd5 {[%emt 0:00:01]} Qxd5 {[%emt 0:00:00]} 3. c4 {[%emt 0:00:00]} Qe4+ {[%emt 0:00:03]} 4. Qe2 {[%emt 0:00:01]} Qxe2+ {[%emt 0:00:02]} 5. Bxe2 {[%emt 0:00:01]} Nc6 {[%emt 0:00:00]} 6. Nf3 {[%emt 0:00:01]} Bg4 {[%emt 0:00:01]} 7. h3 {[%emt 0:00:01]} Bh5 {[%emt 0:00:01]} 8. g4 {[%emt 0:00:01]} Bg6 {[%emt 0:00:01]} 9. d4 {[%emt 0:00:01]} O-O-O {[%emt 0:00:00]} 10. d5 {[%emt 0:00:01]} Nb4 {[%emt 0:00:01]} 11. Na3 {[%emt 0:00:01]} e6 {[%emt 0:00:02]} 12. Bd2 {[%emt 0:00:01]} exd5 {[%emt 0:00:02]} 13. O-O {[%emt 0:00:04]} Nf6 {[%emt 0:00:01]} 14. cxd5 {[%emt 0:00:01]} Nfxd5 {[%emt 0:00:02]} 15. Bc4 {[%emt 0:00:03]} c6 {[%emt 0:00:01]} 16. Bxd5 {[%emt 0:00:02]} Nxd5 {[%emt 0:00:02]} 17. Nc4 {[%emt 0:00:02]} Bc5 {[%emt 0:00:02]} 18. Nce5 {[%emt 0:00:01]} h5 {[%emt 0:00:02]} 19. Nxg6 {[%emt 0:00:02]} fxg6 {[%emt 0:00:00]} 20. gxh5 {[%emt 0:00:01]} Rxh5 {[%emt 0:00:01]} 21. Ng5 {[%emt 0:00:01]} Rdh8 {[%emt 0:00:02]} 22. Kg2 {[%emt 0:00:03]} Nf6 {[%emt 0:00:01]} 23. f4 {[%emt 0:00:02]} Nd5 {[%emt 0:00:02]} 24. Rf3 {[%emt 0:00:01]} Re8 {[%emt 0:00:01]} 25. Re1 {[%emt 0:00:02]} Rf8 {[%emt 0:00:01]} 26. Re4 {[%emt 0:00:02]} Nf6 {[%emt 0:00:01]} 27. Re6 {[%emt 0:00:02]} Bb6 {[%emt 0:00:01]} 28. Bc3 {[%emt 0:00:01]} Bc7 {[%emt 0:00:01]} 29. Bxf6 {[%emt 0:00:02]} gxf6 {[%emt 0:00:01]} 30. Ne4 {[%emt 0:00:01]} g5 {[%emt 0:00:01]} 31. Rxf6 {[%emt 0:00:02]} Rxf6 {[%emt 0:00:01]} 32. Nxf6 {[%emt 0:00:01]} Rh4 {[%emt 0:00:03]} 33. fxg5 {[%emt 0:00:01]} Be5 {[%emt 0:00:01]} 34. g6 {[%emt 0:00:01]} Rh8 {[%emt 0:00:02]} 35. g7 {[%emt 0:00:01]} Rd8 {[%emt 0:00:01]} 36. g8=R {[%emt 0:00:02]} Rxg8+ {[%emt 0:00:00]} 37. Nxg8 {[%emt 0:00:01]} Bxb2 {[%emt 0:00:00]} 38. Rf8+ {[%emt 0:00:01]} Kc7 {[%emt 0:00:00]} 39. Ne7 {[%emt 0:00:01]} b5 {[%emt 0:00:00]} 40. Nf5 {[%emt 0:00:01]} Kb6 {[%emt 0:00:00]} 41. Rf7 {[%emt 0:00:00]} a5 {[%emt 0:00:00]} 42. Ne7 {[%emt 0:00:00]} a4 {[%emt 0:00:00]} 43. Nxc6 {[%emt 0:00:00]} b4 {[%emt 0:00:00]} 44. Nxb4 {[%emt 0:00:01]} Ba3 {[%emt 0:00:00]} 45. Nc2 {[%emt 0:00:01]} Kb5 {[%emt 0:00:00]} 46. Rf3 {[%emt 0:00:01]} Bc1 {[%emt 0:00:01]} 47. Rf4 {[%emt 0:00:01]} a3 {[%emt 0:00:01] Time (Lag: Av=0.62s, max=0.9s)} 0-1